Liste der größten Gemeinden/Städte in der Pfalz - Statistiken

Allgemein
  • Dieses Quiz wurde 97 mal gespielt
    24 seit der letzten Aktualisierung
  • Das Durchschnittsergebnis liegt bei 15 aus 38
Antwortstatistiken
Einwohnerzahl Gemeinde/
Stadt
% Korrekt
100.000 Kaiserslautern
100%
177.000 Ludwigshafen am Rhein
95%
40.000 Pirmasens
89%
48.000 Landau in der Pfalz
84%
53.000 Neustadt a.d. Weinstraße
84%
50.000 Speyer
84%
33.000 Zweibrücken
84%
19.000 Bad Dürkheim
79%
48.000 Frankenthal
79%
13.000 Mutterstadt
63%
22.000 Germersheim
58%
14.000 Grünstadt
47%
21.000 Schifferstadt
47%
9.000 Bad Bergzabern
42%
7.000 Annweiler
37%
20.000 Haßloch
37%
11.000 Herxheim
37%
18.000 Wörth am Rhein
37%
7.000 Edenkoben
32%
8.000 Ramstein-Miesenbach
32%
11.000 Böhl-Iggelheim
26%
12.000 Limburgerhof
26%
9.000 Eisenberg
21%
7.000 Enkenback-Alsendorf
21%
9.000 Kandel
21%
8.000 Landstuhl
21%
9.000 Bellheim
16%
10.000 Bobenheim-Roxheim
16%
7.000 Lambsheim
16%
7.000 Maxdorf
16%
7.000 Neuhofen
16%
10.000 Römerberg
16%
8.000 Altrip
11%
7.000 Dannstadt-Schauernheim
11%
8.000 Jockgrim
11%
8.000 Kirchheimbolanden
11%
8.000 Rülzheim
11%
8.000 Bruchmühlbach-Miesau
5%
Keine übereinstimmenden Quizze gefunden
Verteilung der Resultate
Anzahl Personen mit jedem Resultat
Perzentil nach korrekt beantworteten Fragen
Ihre Resultats-Entwicklung
Sie haben dieses Quiz seit der letzten Aktualisierung nicht gespielt